| 000 | 00759cam a22002295a 4500 | ||
|---|---|---|---|
| 001 | 16887235 | ||
| 005 | 20170112112938.0 | ||
| 008 | 110719t2012 moua frb 001 0 eng d | ||
| 020 | _a9781455705511 | ||
| 040 |
_aDNLM/DLC _cDLC _dDLC _dEG-ScBUE _beng |
||
| 082 | 0 | 4 |
_222 _a610.73071 _bBIL |
| 100 | 1 | _aBillings, Diane McGovern. | |
| 245 | 1 | 0 |
_aTeaching in nursing : _ba guide for faculty / _cDiane M. Billings, Judith A. Halstead. |
| 250 | _a4th ed. | ||
| 260 |
_aSt. Louis : _bElsevier / Saunders, _cc.2012. |
||
| 300 |
_axviii, 573 p. : _bill. ; _c24 cm. |
||
| 504 | _aIncludes bibliographical references and index. | ||
| 650 | 7 |
_aNursing _xStudy and teaching. _2BUEsh _936329 |
|
| 653 |
_bNNUR _cJanuary2017 |
||
| 700 | 1 | _aHalstead, Judith A. | |
| 942 | _2ddc | ||
| 999 |
_c23906 _d23878 |
||